El General Farnesio. (Record no. 178364)

MARC details
000 -LEADER
campo de control de longitud fija 00708nam a22002055i 4500
001 - NÚMERO DE CONTROL
campo de control 178364
003 - IDENTIFICADOR DE NÚMERO DE CONTROL
campo de control ES-MaACL
005 - FECHA Y HORA DE LA ÚLTIMA TRANSACCIÓN
campo de control 20250727001250.0
008 - DATOS DE LONGITUD FIJA--INFORMACIÓN GENERAL
campo de control de longitud fija 110526s1970 sp |||| | spa d
080 ## - NÚMERO DE LA CLASIFICACIÓN DECIMAL UNIVERSAL
Número de la Clasificación Decimal Universal 929 Alejandro Farnesio, Duque de Parma
245 03 - MENCIÓN DEL TÍTULO
Título El General Farnesio.
260 ## - PUBLICACIÓN, DISTRIBUCIÓN, ETC.
Lugar de publicación, distribución, etc. Madrid :
Nombre del editor, distribuidor, etc. Delblan,
Fecha de publicación, distribución, etc. D. L. 1970.
300 ## - DESCRIPCIÓN FÍSICA
Extensión 16 p. ;
Dimensiones 16 cm.
490 1# - MENCIÓN DE SERIE
Mención de serie Mosaico cultural. Los grandes capitanes ;
Designación de volumen o secuencia 16
500 ## - NOTA GENERAL
Nota general Encuadernado con otros títulos.
600 17 - PUNTO DE ACCESO ADICIONAL DE MATERIA--NOMBRE DE PERSONA
Nombre de persona Alejandro Farnesio,
Títulos y otros términos asociados al nombre Duque de Parma-
Subdivisión general Biografías
Fuente del encabezamiento o término
9 (RLIN) 146738
830 0# - PUNTO DE ACCESO ADICIONAL DE SERIE-TÍTULO UNIFORME
Título uniforme Mosaico cultural. Los grandes capitanes ;
Designación de volumen o secuencia 16
9 (RLIN) 190913
852 ## - LOCALIZACIÓN
Ubicación ES-MaACL
Número de control de estantería E-15197 (16)
Encuadernación Olim P-1923
Holdings
Estatus retirado Estado de pérdida Estado de daño No para préstamo Biblioteca de origen Biblioteca actual Ubicación en estantería Fecha de adquisición Fuente de adquisición Total de préstamos Signatura topográfica completa Código de barras Visto por última vez Precio de reemplazo Tipo de ítem Koha
        Biblioteca del Ateneo de Madrid Biblioteca del Ateneo de Madrid Depósito 2 26/05/2011     E-15197 (16) 1187360 23/02/2023 23/02/2023 Libro impreso